| 000 | 00562nam a2200193 a 4500 | ||
|---|---|---|---|
| 005 | 20140310183306.0 | ||
| 008 | 050906s19uu xx 00 eng d | ||
| 020 | _a1855033828 | ||
| 050 |
_aLC 4031 _b.B619 2005 |
||
| 100 | _aBirkett, Veronica | ||
| 245 |
_aHow to support and teach children with special educational needs / _cVeronica Birkett |
||
| 260 |
_aU.K : _bALD, _c2005. |
||
| 300 |
_a53 p. : _bill. ; _c31 cm. |
||
| 521 | _aEDU | ||
| 650 | _aChildren with disabilities. | ||
| 650 | _aChild care services. | ||
| 942 |
_cBK _2lcc _kFOR |
||
| 999 |
_c21091 _d21091 |
||